| 000 | 00583cab a22001935a 4500 | ||
|---|---|---|---|
| 001 | L143805 | ||
| 008 | 080602e20080521xxkad f s 000 0 eng d | ||
| 035 | _a(Sirsi) u143805 | ||
| 041 | 0 | _aeng | |
| 100 | 1 | _aStagg, James | |
| 245 | 0 | 0 | _aSkanska takes April honours |
| 260 | _c2008 | ||
| 490 | 0 |
_aContract Journal _v443(6676) 21 May 2008, 16-17(2) |
|
| 520 | _aPresents a monthly table of new construction work winners. Tables by region and sector also included. | ||
| 590 | _aKA | ||
| 651 | 4 |
_aUnited Kingdom _y |
|
| 690 | _aBUILT ENVIRONMENT-CONSTRUCTION MARKET | ||
| 942 | _n0 | ||
| 999 |
_c80285 _d80285 |
||